LEADER 01011nam0 2200289 450 001 000020348 005 20081204161731.0 010 $a0198564376 100 $a20081204d1997----km-y0itay50------ba 101 0 $aeng 102 $aGB 105 $ay-------001yy 200 1 $aApplied numerical modelling for engineers$fDonard de Cogan and Anne de Cogan 210 $aOxford [etc.]$cOxford university press$d1997 215 $aX, 273 p.$cill.$d23 cm 225 2 $aTextbooks in electrical and electronic engineering$v6 410 0$12001$aTextbooks in electrical and electronic engineering 500 10$aApplied numerical modelling for engineers$947372 610 1 $aIngegneria$aModelli matematici 676 $a621.301$v21 700 1$aDe Cogan,$bDonard$0632575 701 1$aDe Cogan,$bAnne$0632576 801 0$aIT$bUNIPARTHENOPE$c20081204$gRICA$2UNIMARC 912 $a000020348 951 $aM 621.301/1$bM 1393$cDSA$d2008 996 $aApplied numerical modelling for engineers$947372 997 $aUNIPARTHENOPE LEADER 01013nam0-2200277 --450 001 9910853099203321 005 20240520120715.0 100 $a20240520d1974----kmuy0itay5050 ba 101 0 $aita 102 $aIT 105 $a 001yy 200 1 $aManuale per i corsi di qualificazione per agenti di polizia giudiziaria per la pesca marittima$eparte tecnico-biologica$fdi Andrea Scaccini 210 $a[S.l.$cs.n.]$d1974$eBologna$gTip. Gamma 215 $a125 p.$d25 cm 225 1 $aMemoria$fMinistero della marina mercantile, Direzione generale della pesca marittima$v38 610 0 $aFlora e fauna marina$aTutela penale 610 0 $aPesca$aManuali 676 $a574.92$v23$zita 700 1$aScaccini,$bAndrea$074009 801 0$aIT$bUNINA$gREICAT$2UNIMARC 901 $aBK 912 $a9910853099203321 952 $aA MIC 1387$b7488/2024$fFAGBC 959 $aFAGBC 996 $aManuale per i corsi di qualificazione per agenti di polizia giudiziaria per la pesca marittima$94157588 997 $aUNINA